Bilecik Bilecik Bilecik Bilecik Bilecik

Aşk-ı memnu/ (Record no. 62368)

MARC details
000 -BAŞLIK
Sabit Uzunluktaki Kontrol Alanı 01040nam a22003497a 4500
001 - KONTROL NUMARASI
Control Dosyası 0062572
003 - KONTROL NUMARASI KİMLİĞİ
Kontrol Alanı KOHA_MİRAKIL
005 - EN SON İŞLEM TARİHİ ve ZAMANI
Kontrol Alanı 20260207004413.0
007 - FİZİKSEL TANIM SABİT ALAN - GENEL BİLGİ
Sabit uzunluklu kontrol alanı ta
008 - SABİT UZUNLUKTAKİ VERİ ÖGELERİ - GENEL BİLGİ
Sabit Alan 180809b2006 tu |||gr||||#0|||1|tur |
020 ## - ISBN - ULUSLARARASI STANDART KİTAP NUMARASI
Isbn 9789754471441
040 ## - KATALOGLAMA KAYNAĞI
Özgün Kataloglama Kurumu TR-BiSEU
Kataloglama Dili tur
Çeviri Kurumu TR-BiSEU
Açıklama Kuralları rda
041 0# - DİL KODU
Metin ya da ses kaydının dil kodu tur
044 ## - YAYINLAYAN/ÜRETEN KURULUŞUN ÜLKE KODU
ISO country code tu
050 ## - SINIFLAMA ve YER NUMARASI
Sınıflama Numarası PL248.U78
Yer Numarası A85 2006
100 1# - KİŞİ ADI
Yazar Adı (Kişi adı) Uşaklıgil, Halit Ziya.
245 1# - ESER ADI BİLDİRİMİ
Başlık Aşk-ı memnu/
Sorumluluk Bildirimi Halit Ziya Uşaklıgil ; Halid Ziya Uşaklıgil; yayına hazırlayan Muharrem Kaya.
250 ## - BASIM BİLDİRİMİ
Basım Bildirimi 7. Basım
264 #1 - ÜRERİM, YAYIN, DAĞITIM ve TELİF BİLDİRİMİ
Yayın yeri İstanbul :
Yayınlayan Özgür
Yayın tarihi 2006
300 ## - FİZİKSEL TANIMLAMA
Sayfa, Cilt vb. 514 sayfa; 20 cm.
336 ## - İÇERİK TÜRÜ
Content type term metin
Content type code txt
Source rdacontent
337 ## - MEDYA TÜRÜ
Media type term aracısız
Media type code n
Source rdamedia
338 ## - TAŞIYICI TÜRÜ
Carrier type term cilt
Carrier type code nc
Source rdacarrier
490 1# - DİZİ BİLDİRİMİ
Dizi Bildirimi Özgür Yayınları ;
Cilt Numarası 155.
490 1# - DİZİ BİLDİRİMİ
Dizi Bildirimi Romanlar ;
Cilt Numarası 1.
650 #0 - KONU BAŞLIĞI EK GİRİŞ - KONU TERİMİ
Konusal terim veya coğrafi ad Türk edebiyatı--Roman.
9 (RLIN) 3222
650 #0 - KONU BAŞLIĞI EK GİRİŞ - KONU TERİMİ
Konusal terim veya coğrafi ad Turkish literature--Fiction.
9 (RLIN) 3223
830 1# - SERİ EK GİRİŞİ - TEKBİÇİM ESER ADI
Tekbiçim Başlık Özgür Yayınları ;
Volume number/sequential designation 155.
9 (RLIN) 38826
830 1# - SERİ EK GİRİŞİ - TEKBİÇİM ESER ADI
Tekbiçim Başlık Romanlar ;
Volume number/sequential designation 1.
9 (RLIN) 42075
907 ## - LOCAL DATA ELEMENT G, LDG (RLIN)
a Roman
942 ## - EK GİRİŞ ÖGELERİ (KOHA)
Source of classification or shelving scheme Library of Congress Classification
Koha item type Book
Holdings
Materyal Türü Kalıcı Konum Mevcut Konum Raf Yeri Sınıflandırma Kaynağı Edinim Bilgisi Ana Konular Alt Konular Yer Numarası Demirbaş Numarası Fatura Tarihi Geri Çekilme Durumu Kayıp Durumu Hasarlı Durumu Kredi için değil Kayıt Tarih Toplam Ödünçverme Son Görülme Tarihi Son Kontrol Tarihi Genel / Bağış Notu
Book Prof. Dr. Azmi Özcan Kütüphanesi Prof. Dr. Azmi Özcan Kütüphanesi Birûni Salonu Library of Congress Classification Bağış DİL VE EDEBİYAT Doğu Asya, Afrika, Okyanusya Dilleri ve Edebiyatları PL248.U78 A85 2006 0062572 02/02/2026         09/08/2018 11 26/02/2026 05/12/2024 Genel Bağış